Detalles MARC
| 000 -CABECERA |
| campo de control de longitud fija |
00953nam a2200253 a 4500 |
| 001 - NÚMERO DE CONTROL |
| campo de control |
000007335 |
| 003 - IDENTIFICADOR DEL NÚMERO DE CONTROL |
| campo de control |
DO-SdBNP |
| 005 - FECHA Y HORA DE LA ÚLTIMA TRANSACCIÓN |
| campo de control |
20250604104607.0 |
| 007 - CAMPO FIJO DE DESCRIPCIÓN FÍSICA--INFORMACIÓN GENERAL |
| campo de control de longitud fija |
ta |
| 008 - DATOS DE LONGITUD FIJA--INFORMACIÓN GENERAL |
| campo de control de longitud fija |
090908s2005 dr 001 0 spa d |
| 040 ## - FUENTE DE LA CATALOGACIÓN |
| Centro catalogador/agencia de origen |
DO-SdBNP |
| Lengua de catalogación |
spa |
| Centro/agencia transcriptor |
BNPHU |
| 082 #4 - NÚMERO DE LA CLASIFICACIÓN DECIMAL DEWEY |
| Número de clasificación |
338.642 |
| Número de documento/Ítem |
C172p |
| Número de edición |
22 |
| 100 1# - ENTRADA PRINCIPAL--NOMBRE DE PERSONA |
| Nombre de persona |
Camacho, Luis, |
| Fechas asociadas al nombre |
1969- |
| 9 (RLIN) |
20395 |
| 245 13 - MENCIÓN DE TÍTULO |
| Título |
La pequeña y mediana empresa dominicana : |
| Resto del título |
mitos y realidad / |
| Mención de responsabilidad, etc. |
Luis Camacho, Claudio M. Riccardi ; prólogo Alba Iris Montero. |
| 260 ## - PUBLICACIÓN, DISTRIBUCIÓN, ETC. |
| Lugar de publicación, distribución, etc. |
La Romana, República Dominicana : |
| Nombre del editor, distribuidor, etc. |
Fundación Biblioteca Universitaria Provicional, |
| Fecha de publicación, distribución, etc. |
2005. |
| 300 ## - DESCRIPCIÓN FÍSICA |
| Extensión |
156 p. ; |
| Dimensiones |
20 cm. |
| 500 ## - NOTA GENERAL |
| Nota general |
Incluye datos biográficos de los autores |
| 590 ## - NOTA LOCAL (RLIN) |
| Nota local |
Inventariado, 2019/VM |
| 650 #7 - PUNTO DE ACCESO ADICIONAL DE MATERIA--TÉRMINO DE MATERIA |
| Término de materia o nombre geográfico como elemento de entrada |
Pequeñas y medianas empresas |
| Subdivisión geográfica |
República Dominicana |
| 9 (RLIN) |
19057 |
| 650 #7 - PUNTO DE ACCESO ADICIONAL DE MATERIA--TÉRMINO DE MATERIA |
| Término de materia o nombre geográfico como elemento de entrada |
Pequeñas y medianas empresas |
| 9 (RLIN) |
19057 |
| Fuente del encabezamiento o término |
LIBRUNAM |
| 700 1# - PUNTO DE ACCESO ADICIONAL--NOMBRE DE PERSONA |
| Nombre de persona |
Riccardi, Claudio M. |
| 9 (RLIN) |
20397 |
| 700 1# - PUNTO DE ACCESO ADICIONAL--NOMBRE DE PERSONA |
| Nombre de persona |
Montero, Alba Iris, |
| Término indicativo de función/relación |
pról. |
| 9 (RLIN) |
20398 |
| 942 ## - ELEMENTOS DE PUNTO DE ACCESO ADICIONAL (KOHA) |
| Fuente del sistema de clasificación o colocación |
Dewey Decimal Classification |
| Tipo de ítem Koha |
Libro |